How to understand and influence people and organizations : practical psychology for goal achievement /

Bibliographic Details
Main Author: Perlson, Michael R.
Format: Book
Language:English
Published: New York, N.Y. : AMACOM, [1982]
Subjects:

MARC

Tag First Indicator Second Indicator Subfields
LEADER 00000pam a2200000 a 4500
001 in00000048902
005 20240620162240.3
008 820202s1982 nyua b 001 0 eng
010 |a  81069357  
020 |a 0814456847 
035 |a (OCoLC)08195474 
035 |9 AAF3735AM 
039 0 |a 2  |b 3  |c 3  |d 3  |e 3 
040 |a DLC  |c DLC  |d TXA  |d UtOrBLW 
049 |a TXAM  |c [1673336] 
050 0 0 |a HF5548.8  |b P399 1982 
082 0 |a 158.7  |2 19 
100 1 |a Perlson, Michael R. 
245 1 0 |a How to understand and influence people and organizations :  |b practical psychology for goal achievement /  |c Michael R. Perlson. 
264 1 |a New York, N.Y. :  |b AMACOM,  |c [1982] 
264 4 |c ©1982 
300 |a x, 290 pages :  |b illustrations ;  |c 22 cm. 
336 |a text  |b txt  |2 rdacontent 
337 |a unmediated  |b n  |2 rdamedia 
338 |a volume  |b nc  |2 rdacarrier 
504 |a Includes bibliographies and index. 
650 0 |a Psychology, Industrial. 
650 0 |a Organizational behavior. 
999 |a MARS 
999 f f |s 9b519be0-be69-364b-a65b-b08e3b16f330  |i 1ad32eb1-0da9-3331-a78d-f4f0c48e2441  |t 0 
952 f f |p ric  |a Texas A&M University  |b Rellis Campus  |c Joint Library Facility  |d Remote Storage  |t 0  |e HF5548.8 P399 1982  |h Library of Congress classification  |i unmediated -- volume  |m A14805941410 
998 f f |a HF5548.8 P399 1982  |t 0  |l Remote Storage